00728nam a2200193 4500001001300000003000400013005001700017008004100034010001700075025002000092043001200112050002100124100001300145245027000158260002300428300002200451500001700473650004400490sa 68020317 DLC20260227112723.0731210s1968 io s 00000 eng  asa 68020317  aPL480:Indo-8594 aa-io---0 aHE695b.S85 196800aSunarjo.10aRiver and inland waterways in Indonesia;bsubmitted in relevant to the United Nations Inter-regional Seminar on Technico-Economic, Organizational and Administrative Aspects of Inland Water-Borne Transport, to be held in Leningrad (USSR) from 9 to 29 September 1968.0 a[Djakarta?c1968?] a11, iv l.c32 cm. aCover title. 0aInland water transportationzIndonesia.